[Event "Ïåðâåíñòâî Ìîñêâû "]
[Site "ÐœÐ¾Ñ�ÐºÐ²Ð°, ÐœÐ“Ð˜ÐœÐž Ð¿Ñ€."]
[Date "2018.11.24"]
[Round "8.9"]
[White "Beliuga, Mikhail"]
[Black "Ivlev, Aleksandr"]
[Result "1/2-1/2"]
[WhiteElo "1908"]
[BlackElo "1748"]
[PlyCount "64"]
[EventDate "2018.11.18"]

1. Nf3 d5 2. d4 Nf6 3. c4 c6 4. cxd5 cxd5 5. Bf4 Nc6 6. Nc3 Bf5 7. e3 e6 8. Bb5
a6 9. Bxc6+ bxc6 10. Qa4 Qb6 11. Ne5 Rc8 12. O-O Be7 13. a3 a5 14. b4 axb4 15.
axb4 O-O 16. Na2 Qb5 17. Nc3 Qb7 18. h3 Nd7 19. Nxd7 Qxd7 20. Qa7 Qxa7 21. Rxa7
Bxb4 22. Na2 c5 23. Nxb4 cxb4 24. Rb7 Rc4 25. Bd6 Rfc8 26. Bxb4 h6 27. Bc5 Ra4
28. Re1 Ra5 29. Rf1 Ra4 30. Re1 Ra5 31. Rf1 Ra4 32. Re1 Ra5 1/2-1/2

[Event "Ïåðâåíñòâî Ìîñêâû "]
[Site "ÐœÐ¾Ñ�ÐºÐ²Ð°, ÐœÐ“Ð˜ÐœÐž Ð¿Ñ€."]
[Date "2018.11.24"]
[Round "8.10"]
[White "Akopjan, Gor"]
[Black "Plaksin, Igor"]
[Result "0-1"]
[WhiteElo "1524"]
[BlackElo "1893"]
[PlyCount "106"]
[EventDate "2018.11.18"]

1. e4 e5 2. Nf3 Nc6 3. Bb5 a6 4. Ba4 Nf6 5. O-O Be7 6. Re1 b5 7. Bb3 d6 8. c3
O-O 9. h3 Na5 10. Bc2 c5 11. d4 Qc7 12. Nbd2 cxd4 13. cxd4 Nc6 14. d5 Nb4 15.
Bb1 a5 16. a3 Na6 17. Nf1 Nc5 18. Ng3 Bd7 19. Be3 Rfc8 20. Bd3 Nxd3 21. Qxd3
Qb7 22. Rac1 Bd8 23. Nh2 Bb6 24. Nhf1 g6 25. Bxb6 Qxb6 26. Qe3 Qxe3 27. Nxe3 h5
28. f3 h4 29. Ne2 Nh5 30. Rxc8+ Rxc8 31. Rc1 Rxc1+ 32. Nxc1 Nf4 33. b4 a4 34.
Kf2 f5 35. Nd1 Kf7 36. Nc3 Ke7 37. N3e2 Nh5 38. Nc3 Kd8 39. N1e2 Kc7 40. Ke3
Kb6 41. f4 Nf6 42. fxe5 dxe5 43. Kf3 fxe4+ 44. Nxe4 Nxd5 45. Nc5 Bf5 46. Kf2
Kc6 47. g4 hxg3+ 48. Kxg3 Nb6 49. Nc3 Nc4 50. N5e4 Nxa3 51. Nd2 Nc2 52. h4 Nxb4
53. Nde4 a3 0-1

[Event "Ïåðâåíñòâî Ìîñêâû "]
[Site "ÐœÐ¾Ñ�ÐºÐ²Ð°, ÐœÐ“Ð˜ÐœÐž Ð¿Ñ€."]
[Date "2018.11.24"]
[Round "8.11"]
[White "Nikulshin, Alexey"]
[Black "Gornostaev, Yakov"]
[Result "0-1"]
[WhiteElo "1647"]
[BlackElo "1831"]
[PlyCount "56"]
[EventDate "2018.11.18"]

1. e4 c5 2. c3 e6 3. d4 cxd4 4. cxd4 e5 5. d5 Bb4+ 6. Bd2 Qe7 7. a3 Bc5 8. Nf3
Nf6 9. Bd3 d6 10. O-O O-O 11. h3 a5 12. Nc3 h6 13. Na4 Nbd7 14. b4 axb4 15.
axb4 Bd4 16. Nxd4 exd4 17. Re1 Ne5 18. Bf4 Nh5 19. Bh2 Qg5 20. Kh1 Nf4 21. Bxf4
Qxf4 22. f3 Bd7 23. b5 Ra5 24. Bf1 Qg3 25. Qxd4 Bxh3 26. Qc3 Rxa4 27. Rxa4 Ng4
28. fxg4 Qxc3 0-1

[Event "Ïåðâåíñòâî Ìîñêâû "]
[Site "ÐœÐ¾Ñ�ÐºÐ²Ð°, ÐœÐ“Ð˜ÐœÐž Ð¿Ñ€."]
[Date "2018.11.24"]
[Round "8.12"]
[White "Rodnikov, Alexei"]
[Black "Shlykov, Yaroslav"]
[Result "1/2-1/2"]
[WhiteElo "1416"]
[BlackElo "1826"]
[PlyCount "96"]
[EventDate "2018.11.18"]

1. e4 d6 2. d4 Nf6 3. Nc3 g6 4. g3 Bg7 5. Bg2 O-O 6. Nge2 e5 7. h3 Nc6 8. Be3
Bd7 9. O-O exd4 10. Nxd4 Re8 11. Re1 Qc8 12. Kh2 Nxd4 13. Bxd4 Bc6 14. Qd3 Nd7
15. Bxg7 Kxg7 16. Rad1 Qd8 17. Nd5 Bxd5 18. Qxd5 Rb8 19. Qd4+ Qf6 20. Qxf6+
Kxf6 21. f4 Ke7 22. g4 Rbd8 23. e5 dxe5 24. Bxb7 f6 25. Bc6 Rf8 26. Kg2 Rf7 27.
Bxd7 Rxd7 28. fxe5 Rxd1 29. exf6+ Kxf6 30. Rxd1 Ke5 31. Rd3 Ke4 32. Ra3 c6 33.
Ra4+ Ke3 34. Ra3+ Kd2 35. Rc3 Rf6 36. Rc5 Kc1 37. b4 Kb2 38. g5 Re6 39. a4 Ka3
40. b5 cxb5 41. axb5 Re7 42. c4 Kb4 43. Rc6 Re5 44. h4 Rc5 45. Ra6 Rc7 46. b6
axb6 47. Rxb6+ Kxc4 48. h5 gxh5 1/2-1/2

[Event "Ïåðâåíñòâî Ìîñêâû "]
[Site "ÐœÐ¾Ñ�ÐºÐ²Ð°, ÐœÐ“Ð˜ÐœÐž Ð¿Ñ€."]
[Date "2018.11.24"]
[Round "8.13"]
[White "Itkin, Alexander"]
[Black "Kurkin, Aleksandr"]
[Result "0-1"]
[WhiteElo "1399"]
[BlackElo "1556"]
[PlyCount "62"]
[EventDate "2018.11.18"]

1. e4 g6 2. d4 c5 3. dxc5 Bg7 4. c3 Qc7 5. Be3 Nf6 6. Bc4 O-O 7. f3 d6 8. Ne2
dxc5 9. O-O Nbd7 10. Ng3 Ne5 11. Be2 Rd8 12. Qc1 h5 13. Rd1 Be6 14. Na3 a6 15.
Qc2 h4 16. Nh1 b5 17. Rxd8+ Rxd8 18. b3 Qa5 19. Bxc5 Rc8 20. Bxe7 Rxc3 21. Qd2
b4 22. Bxb4 Qxb4 23. Nb1 Qc5+ 24. Nf2 Rc1+ 25. Bf1 h3 26. Qe2 Bh6 27. Kh1 Rc2
28. Nd3 Nxd3 29. Qxd3 Qf2 30. Qxc2 hxg2+ 31. Bxg2 Qe1+ 0-1

[Event "Ïåðâåíñòâî Ìîñêâû "]
[Site "ÐœÐ¾Ñ�ÐºÐ²Ð°, ÐœÐ“Ð˜ÐœÐž Ð¿Ñ€."]
[Date "2018.11.24"]
[Round "8.14"]
[White "Lutan, Gleb"]
[Black "Sharapov, Mihail"]
[Result "1-0"]
[WhiteElo "1762"]
[BlackElo "1628"]
[PlyCount "71"]
[EventDate "2018.11.18"]

1. d4 d5 2. c4 c6 3. Nf3 Bf5 4. Qb3 Qb6 5. c5 Qxb3 6. axb3 Nd7 7. Bf4 h6 8. e3
Ngf6 9. Nc3 g5 10. Bg3 Nh5 11. b4 Nxg3 12. hxg3 Bg7 13. b5 O-O 14. Kd2 e6 15.
b4 cxb5 16. Bxb5 Nf6 17. Ra4 a6 18. Rha1 Rab8 19. Be2 Ne4+ 20. Nxe4 Bxe4 21. b5
axb5 22. Bxb5 g4 23. Ne1 e5 24. Be2 exd4 25. exd4 h5 26. f3 Bf5 27. Rb4 Ra8 28.
Rba4 Rab8 29. Bd3 Bd7 30. Rb4 f5 31. f4 Rfc8 32. Rab1 Rc7 33. Nc2 Kf7 34. Ne3
Ke6 35. Nxf5 Kf6 36. Rb6+ 1-0

[Event "Ïåðâåíñòâî Ìîñêâû "]
[Site "ÐœÐ¾Ñ�ÐºÐ²Ð°, ÐœÐ“Ð˜ÐœÐž Ð¿Ñ€."]
[Date "2018.11.24"]
[Round "8.15"]
[White "Kozhukhov, Aleksandr"]
[Black "Agashin, Aleksandr"]
[Result "1-0"]
[WhiteElo "1745"]
[BlackElo "1567"]
[PlyCount "121"]
[EventDate "2018.11.18"]

1. d4 Nf6 2. c4 g6 3. Nc3 d5 4. cxd5 Nxd5 5. e4 Nxc3 6. bxc3 Bg7 7. Bc4 O-O 8.
Ne2 c5 9. O-O cxd4 10. cxd4 Nc6 11. Be3 Bd7 12. Rb1 Na5 13. Bd5 e6 14. Bb3 Nxb3
15. Qxb3 Bc6 16. f3 Qa5 17. Nc3 Rfd8 18. Qb4 Qxb4 19. Rxb4 b6 20. Rd1 Rac8 21.
Rd2 Be8 22. Ne2 Rd6 23. Kf2 Rdc6 24. h4 Rc2 25. Ke1 Rxd2 26. Kxd2 Bf8 27. Rb2
a5 28. Rxb6 Ba4 29. Nc3 Be8 30. Kd3 Bb4 31. Bd2 Kg7 32. Ne2 Bxd2 33. Kxd2 Rc4
34. Kd3 Ra4 35. Nc3 Rb4 36. Rxb4 axb4 37. Nb1 Bb5+ 38. Kc2 Ba4+ 39. Kb2 f5 40.
exf5 gxf5 41. g3 f4 42. g4 Kf6 43. a3 bxa3+ 44. Kxa3 Bc6 45. Nd2 e5 46. Kb4
exd4 47. Kc5 Ba4 48. Kxd4 Bc2 49. Kc3 Bd1 50. Kd4 Bc2 51. Nc4 Ke6 52. Ne5 h5
53. gxh5 Bh7 54. Ng6 Kf5 55. Kd3 Kf6 56. Ke4 Kg7 57. Kxf4 Kh6 58. Kg4 Bg8 59.
Ne7 Be6+ 60. Kf4 Kh7 61. Kg5 1-0

[Event "Ïåðâåíñòâî Ìîñêâû "]
[Site "ÐœÐ¾Ñ�ÐºÐ²Ð°, ÐœÐ“Ð˜ÐœÐž Ð¿Ñ€."]
[Date "2018.11.24"]
[Round "8.16"]
[White "Golitsyn, Georgiy"]
[Black "Morozov, Vladimir"]
[Result "1/2-1/2"]
[WhiteElo "1283"]
[BlackElo "1804"]
[PlyCount "93"]
[EventDate "2018.11.18"]

1. Nf3 d5 2. d4 Nf6 3. Bf4 e6 4. e3 Bd6 5. Bg3 O-O 6. Bd3 c5 7. c3 Nc6 8. Nbd2
Re8 9. Ne5 Bxe5 10. dxe5 Nd7 11. f4 c4 12. Bc2 Qb6 13. O-O Qxb2 14. Rc1 Qxa2
15. Nf3 Nf8 16. Ng5 g6 17. h4 Qa3 18. Be1 Qc5 19. Bd2 h6 20. Nh3 b5 21. h5 a5
22. hxg6 fxg6 23. Qg4 Kg7 24. Qh4 Qe7 25. Qg3 b4 26. Bxg6 Nxg6 27. f5 exf5 28.
e4 Qh4 29. Qe3 Rxe5 30. Qc5 Qe7 31. Qxc6 Bb7 32. Qb5 dxe4 33. Qxc4 Ba6 34. Qc6
Qa7+ 35. Rf2 e3 36. Bxe3 Qxe3 37. Rd1 Ra7 38. Rd6 Ne7 39. Qe8 Rd5 40. Rg6+ Nxg6
41. Qxe3 Rad7 42. cxb4 a4 43. Ra2 Bb5 44. Qc3+ Kh7 45. Qf3 Bc6 46. Qc3 Bb5 47.
Qe3 1/2-1/2

[Event "Ïåðâåíñòâî Ìîñêâû "]
[Site "ÐœÐ¾Ñ�ÐºÐ²Ð°, ÐœÐ“Ð˜ÐœÐž Ð¿Ñ€."]
[Date "2018.11.24"]
[Round "8.17"]
[White "Gavrilov, Victor"]
[Black "Metelkin, Zakhar"]
[Result "1-0"]
[WhiteElo "1746"]
[BlackElo "1436"]
[PlyCount "69"]
[EventDate "2018.11.18"]

1. d4 Nf6 2. c4 g6 3. Nc3 d5 4. Nf3 Bg7 5. Bf4 c6 6. h3 O-O 7. e3 Nbd7 8. cxd5
Nxd5 9. Nxd5 cxd5 10. Bd3 Qa5+ 11. Qd2 Qxd2+ 12. Kxd2 f6 13. Bc7 e5 14. dxe5
Nxe5 15. Nd4 Nc6 16. Nxc6 bxc6 17. Rac1 Bd7 18. Ba6 Rae8 19. Bd6 Rf7 20. b4 Bf8
21. Bc5 Rb8 22. a3 Bxc5 23. Rxc5 f5 24. g3 Kf8 25. Kc3 Ke7 26. Kd4 Kf6 27. Bd3
Rb6 28. h4 h6 29. Rhc1 a6 30. Ra5 Bc8 31. Kc5 Rbb7 32. Bxa6 Rbc7 33. Bxc8 Rxc8
34. Ra6 Rff8 35. Kd4 1-0

[Event "Ïåðâåíñòâî Ìîñêâû"]
[Site "ÐœÐ¾Ñ�ÐºÐ²Ð°, ÐœÐ“Ð˜ÐœÐž Ð¿Ñ€."]
[Date "2018.11.24"]
[Round "8.18"]
[White "Kuzhelev, Timur"]
[Black "Sauri, Georgy"]
[Result "0-1"]
[WhiteElo "1595"]
[BlackElo "1442"]
[PlyCount "112"]
[EventDate "2018.11.18"]

1. e4 a6 2. d4 b5 3. f3 e6 4. Bd3 Bb7 5. Ne2 c5 6. c3 Nc6 7. Be3 Qb6 8. Bf2 Nf6
9. Nd2 d6 10. O-O Be7 11. b4 cxd4 12. Nxd4 Qc7 13. a3 Ne5 14. Qc2 Nxd3 15. Qxd3
Nd7 16. N4b3 d5 17. Na5 dxe4 18. Nxe4 Bxe4 19. Qxe4 Rc8 20. Rac1 Bd6 21. g3 Ne5
22. Bd4 O-O 23. Rfd1 Nc6 24. Nxc6 Qxc6 25. Bxg7 Kxg7 26. Qd4+ Kg8 27. Qxd6 Qxf3
28. Rd3 Qc6 29. Qe5 Qb6+ 30. Kf1 Qc6 31. Qg5+ Kh8 32. Qf6+ Kg8 33. Rd4 Qh1+ 34.
Ke2 Qxh2+ 35. Kf3 Rc4 36. Rxc4 bxc4 37. Qg5+ Kh8 38. Rd1 f6 39. Qc5 Rg8 40. Rg1
e5 41. Rg2 Qh5+ 42. Kf2 Qf5+ 43. Kg1 Rd8 44. Qxc4 Rd1+ 45. Kh2 e4 46. Qf7 Rd8
47. c4 e3 48. c5 Qe5 49. Kh3 Qg5 50. c6 Qh6+ 51. Kg4 Qg5+ 52. Kh3 Qh6+ 53. Kg4
Rf8 54. Qe6 f5+ 55. Qxf5 Rxf5 56. Kxf5 Qxc6 0-1

[Event "Ïåðâåíñòâî Ìîñêâû"]
[Site "ÐœÐ¾Ñ�ÐºÐ²Ð°, ÐœÐ“Ð˜ÐœÐž Ð¿Ñ€."]
[Date "2018.11.25"]
[Round "9.1"]
[White "Makarian, Rudik"]
[Black "Gotsiuk, Denis"]
[Result "1-0"]
[WhiteElo "2354"]
[BlackElo "1895"]
[PlyCount "28"]
[EventDate "2018.11.18"]

1. c4 Nf6 2. Nf3 c6 3. g3 e6 4. Bg2 d5 5. b3 Nbd7 6. O-O Bd6 7. d4 b6 8. Qc2
Bb7 9. Nc3 O-O 10. Rd1 Rc8 11. e4 Be7 12. Bf4 Nxe4 13. Nxe4 dxe4 14. Qxe4 Nf6 {
çàïèñü íå ÿñíà} 1-0

[Event "Ïåðâåíñòâî Ìîñêâû"]
[Site "ÐœÐ¾Ñ�ÐºÐ²Ð°, ÐœÐ“Ð˜ÐœÐž Ð¿Ñ€."]
[Date "2018.11.25"]
[Round "9.2"]
[White "Kretov, Leonid"]
[Black "Zhukov, Anton"]
[Result "1/2-1/2"]
[WhiteElo "2152"]
[BlackElo "2151"]
[PlyCount "80"]
[EventDate "2018.11.18"]

1. d4 Nf6 2. c4 e6 3. Nc3 Bb4 4. Qc2 O-O 5. a3 Bxc3+ 6. Qxc3 b6 7. Nf3 Bb7 8.
g3 d6 9. Bg2 Nbd7 10. O-O Qe7 11. Rd1 Rac8 12. Bf4 Be4 13. b4 Rfd8 14. a4 c6
15. Rac1 h6 16. h4 Nh5 17. Qe3 Nxf4 18. Qxf4 d5 19. cxd5 cxd5 20. Qd2 Bxf3 21.
Bxf3 Nf6 22. e3 Qd7 23. Qb2 Rxc1 24. Rxc1 Rc8 25. Rc2 Rc7 26. Be2 Qc8 27. Bd3
Rxc2 28. Qxc2 Qxc2 29. Bxc2 Kf8 30. f3 Ke7 31. e4 dxe4 32. fxe4 e5 33. d5 Kd6
34. Kf2 a5 35. bxa5 bxa5 36. Ke3 Kc5 37. Bd1 Ne8 38. g4 g5 39. hxg5 hxg5 40.
Be2 Nd6 1/2-1/2

[Event "Ïåðâåíñòâî Ìîñêâû"]
[Site "ÐœÐ¾Ñ�ÐºÐ²Ð°, ÐœÐ“Ð˜ÐœÐž Ð¿Ñ€."]
[Date "2018.11.25"]
[Round "9.3"]
[White "Perov, German"]
[Black "Sekoyan, Vachagan"]
[Result "1/2-1/2"]
[WhiteElo "2187"]
[BlackElo "1817"]
[PlyCount "67"]
[EventDate "2018.11.18"]

1. e4 g6 2. d4 Bg7 3. Nc3 d5 4. exd5 Nf6 5. Bc4 O-O 6. Nge2 Nbd7 7. Bg5 Nb6 8.
Bxf6 Bxf6 9. Bb3 a5 10. a4 c6 11. dxc6 bxc6 12. O-O Ba6 13. Re1 Bg7 14. Qc1 e6
15. Qe3 Rb8 16. Qf3 Qc7 17. Rad1 Bc4 18. Bxc4 Nxc4 19. b3 Nd6 20. Qf4 Ne8 21.
Qxc7 Nxc7 22. Nb1 Nd5 23. Na3 Nb6 24. Rd3 Rfd8 25. Red1 Bf8 26. Nb1 Nd5 27.
Nbc3 Nb4 28. R3d2 f5 29. f4 Rd7 30. Nb1 Nd5 31. Nbc3 Nb4 32. Nb1 Nd5 33. Nbc3
Nb4 34. Nb1 1/2-1/2

[Event "Ïåðâåíñòâî Ìîñêâû"]
[Site "ÐœÐ¾Ñ�ÐºÐ²Ð°, ÐœÐ“Ð˜ÐœÐž Ð¿Ñ€."]
[Date "2018.11.25"]
[Round "9.4"]
[White "Pak, Nikita"]
[Black "Lupolov, Boris"]
[Result "0-1"]
[WhiteElo "1916"]
[BlackElo "1879"]
[PlyCount "60"]
[EventDate "2018.11.18"]

1. e4 c6 2. d4 d5 3. Nc3 dxe4 4. Nxe4 Nd7 5. Qe2 Ngf6 6. Nxf6+ Nxf6 7. h3 e6 8.
Nf3 Be7 9. g3 b6 10. Bg2 Bb7 11. O-O O-O 12. c4 c5 13. Be3 cxd4 14. Rad1 Qc7
15. Nxd4 Bxg2 16. Kxg2 Rac8 17. b3 Qb7+ 18. Kh2 Rfd8 19. f4 Qe4 20. Rd3 Bc5 21.
Rfd1 Rd7 22. Nb5 Rcd8 23. Nc3 Qxd3 24. Rxd3 Rxd3 25. Nd5 R8xd5 26. cxd5 Rxe3
27. Qa6 exd5 28. Qxa7 Re2+ 29. Kh1 d4 30. b4 d3 0-1

[Event "Ïåðâåíñòâî Ìîñêâû"]
[Site "ÐœÐ¾Ñ�ÐºÐ²Ð°, ÐœÐ“Ð˜ÐœÐž Ð¿Ñ€."]
[Date "2018.11.25"]
[Round "9.5"]
[White "Vetokhin, Savva"]
[Black "Orlov, Aleksandr"]
[Result "1-0"]
[WhiteElo "1874"]
[BlackElo "1872"]
[PlyCount "78"]
[EventDate "2018.11.18"]

1. e4 e5 2. Nf3 Nf6 3. d4 Nxe4 4. Bd3 d5 5. dxe5 Nc5 6. Nc3 c6 7. O-O Be7 8.
Nd4 Nxd3 9. Qxd3 O-O 10. Bf4 Bc5 11. Nb3 Bb6 12. Be3 Na6 13. Bxb6 axb6 14. f4
f5 15. Rfe1 Nc5 16. Qd2 Nxb3 17. axb3 Rxa1 18. Rxa1 Be6 19. Rd1 Qe7 20. Qe3 Qb4
21. Qd4 Qxd4+ 22. Rxd4 b5 23. Rd1 Ra8 24. b4 Kf8 25. Kf2 b6 26. h3 h6 27. Kf3
g6 28. Ke3 Ra7 29. b3 Ke7 30. Kf3 Kf7 31. g4 Ra8 32. Ne2 Ra2 33. Rd2 Ra1 34.
Nd4 Rf1+ 35. Kg3 fxg4 36. hxg4 c5 37. Nc6 Rg1+ 38. Kf2 Rxg4 39. Kf3 g5 {
çàïèñü íå ÿñíà} 1-0

[Event "Ïåðâåíñòâî Ìîñêâû"]
[Site "ÐœÐ¾Ñ�ÐºÐ²Ð°, ÐœÐ“Ð˜ÐœÐž Ð¿Ñ€."]
[Date "2018.11.25"]
[Round "9.6"]
[White "Lukyanenko, Artemiy"]
[Black "Plaksin, Igor"]
[Result "1-0"]
[WhiteElo "1921"]
[BlackElo "1893"]
[PlyCount "75"]
[EventDate "2018.11.18"]

1. d4 d5 2. Nf3 Nf6 3. c4 c6 4. e3 e6 5. b3 Nbd7 6. Bd3 Bb4+ 7. Bd2 Bxd2+ 8.
Nbxd2 Qe7 9. O-O e5 10. e4 dxc4 11. Nxc4 exd4 12. e5 Nd5 13. Nd6+ Kf8 14. Nf5
Qc5 15. Re1 g6 16. N5xd4 Kg7 17. e6 N7f6 18. exf7 Rf8 19. Bc4 Rxf7 20. Ng5 Re7
21. Nge6+ Bxe6 22. Nxe6+ Rxe6 23. Rxe6 Nf4 24. Re3 Qg5 25. Rg3 Qe5 26. Qe1 Ne4
27. Rd1 Re8 28. Re3 Qg5 29. Bf1 Qg4 30. Rd4 Nf6 31. Rxf4 Qxf4 32. Rxe8 Nxe8 33.
Qxe8 Qb4 34. Qe5+ Kh6 35. g3 Qa3 36. Qf4+ Kg7 37. Qa4 Qc1 38. Qxa7 1-0

[Event "Ïåðâåíñòâî Ìîñêâû"]
[Site "ÐœÐ¾Ñ�ÐºÐ²Ð°, ÐœÐ“Ð˜ÐœÐž Ð¿Ñ€."]
[Date "2018.11.25"]
[Round "9.7"]
[White "Gornostaev, Yakov"]
[Black "Kurkin, Aleksandr"]
[Result "1-0"]
[WhiteElo "1831"]
[BlackElo "1556"]
[PlyCount "96"]
[EventDate "2018.11.18"]

1. e4 g6 2. d4 c5 3. Nf3 Bg7 4. Bc4 cxd4 5. c3 Nc6 6. cxd4 d6 7. O-O Bg4 8.
Bxf7+ Kxf7 9. Ng5+ Ke8 10. Qxg4 Nxd4 11. Nc3 Nf6 12. Qd1 h6 13. Qxd4 hxg5 14.
Qa4+ Kf7 15. Qb3+ Kf8 16. Bxg5 Qd7 17. Nd5 Nxd5 18. Qxd5 Rh5 19. f4 Bxb2 20. f5
Kg7 21. fxg6 e6 22. Qd2 Bxa1 23. Rf7+ Qxf7 24. gxf7 Be5 25. Bf4 Rd8 26. g4 Rhh8
27. h4 Kxf7 28. Qf2 Bxf4 29. Qxf4+ Ke7 30. Kg2 Rdf8 31. Qe3 e5 32. Kg3 b6 33.
Qg5+ Ke6 34. h5 Rhg8 35. Qh6+ Rf6 36. Qd2 Ke7 37. Qd5 Rg7 38. Qb7+ Kf8 39. Qb8+
Kf7 40. Qxa7+ Kg8 41. Qxb6 Rf4 42. Qd8+ Kh7 43. g5 Rg8 44. g6+ Kh8 45. Qxd6
Rgf8 46. Qxe5+ Kg8 47. Qxf4 Kg7 48. Qxf8+ Kxf8 1-0

[Event "Ïåðâåíñòâî Ìîñêâû"]
[Site "ÐœÐ¾Ñ�ÐºÐ²Ð°, ÐœÐ“Ð˜ÐœÐž Ð¿Ñ€."]
[Date "2018.11.25"]
[Round "9.8"]
[White "Drobin, Maxim"]
[Black "Beliuga, Mikhail"]
[Result "1-0"]
[WhiteElo "1596"]
[BlackElo "1908"]
[PlyCount "67"]
[EventDate "2018.11.18"]

1. e4 c6 2. d4 d5 3. exd5 cxd5 4. Bd3 Nc6 5. c3 Nf6 6. h3 e6 7. Bf4 Bd6 8. Bxd6
Qxd6 9. Nf3 Bd7 10. O-O O-O 11. Re1 Rfc8 12. Nbd2 a6 13. Ne5 b5 14. Qe2 Na5 15.
g4 Nc4 16. g5 Nxd2 17. gxf6 Ne4 18. Bxe4 dxe4 19. Qg4 g6 20. Rxe4 Bc6 21. Re3
Bd5 22. Qg5 Rc7 23. h4 b4 24. h5 bxc3 25. hxg6 fxg6 26. bxc3 Rf7 27. Nxf7 Kxf7
28. Qe5 Qb6 29. c4 Qb2 30. cxd5 Qxa1+ 31. Re1 Qxa2 32. dxe6+ Ke8 33. f7+ Ke7
34. Qc5+ 1-0

[Event "Ïåðâåíñòâî Ìîñêâû"]
[Site "ÐœÐ¾Ñ�ÐºÐ²Ð°, ÐœÐ“Ð˜ÐœÐž Ð¿Ñ€."]
[Date "2018.11.25"]
[Round "9.9"]
[White "Shatunov, Leonid"]
[Black "Belikov, Semen"]
[Result "1/2-1/2"]
[WhiteElo "1967"]
[BlackElo "1959"]
[PlyCount "67"]
[EventDate "2018.11.18"]

1. d4 Nf6 2. Bf4 g6 3. e3 Bg7 4. h3 O-O 5. Nf3 d6 6. Be2 c5 7. c3 Nbd7 8. O-O
b6 9. Nbd2 Bb7 10. a4 Rc8 11. a5 Ne4 12. axb6 Nxd2 13. Nxd2 axb6 14. Ra7 Bc6
15. Qb3 cxd4 16. exd4 e5 17. Be3 exd4 18. cxd4 Nf6 19. Bf3 d5 20. Ra6 Ne4 21.
Bxe4 dxe4 22. Qxb6 Qxb6 23. Rxb6 Bd5 24. b4 f5 25. g3 Rfd8 26. g4 Bf7 27. gxf5
gxf5 28. Rb5 Bxd4 29. Rxf5 Bg6 30. Bxd4 Bxf5 31. Be3 Rb8 32. Kh2 Rxb4 33. Kg3
Bg6 34. h4 {çàïèñü íå ÿñíà} 1/2-1/2

[Event "Ïåðâåíñòâî Ìîñêâû"]
[Site "ÐœÐ¾Ñ�ÐºÐ²Ð°, ÐœÐ“Ð˜ÐœÐž Ð¿Ñ€."]
[Date "2018.11.25"]
[Round "9.11"]
[White "Ivlev, Aleksandr"]
[Black "Zakirov, Artur"]
[Result "0-1"]
[WhiteElo "1748"]
[BlackElo "1747"]
[PlyCount "60"]
[EventDate "2018.11.18"]

1. d4 d5 2. Nf3 Nf6 3. Bf4 e6 4. e3 Bd6 5. Ne5 O-O 6. Bd3 Nbd7 7. Nd2 c5 8. c3
Qc7 9. Nxd7 Bxd7 10. Bxd6 Qxd6 11. O-O e5 12. dxe5 Qxe5 13. Nf3 Qc7 14. c4 Bc6
15. cxd5 Bxd5 16. Nd2 Rfd8 17. Qe2 Qd7 18. Bb5 Bc6 19. Bxc6 Qxd2 20. Qxd2 Rxd2
21. Bxb7 Rb8 22. Bf3 Rbxb2 23. a4 c4 24. Rfc1 Rbc2 25. Bd1 Rxc1 26. Rxc1 g6 27.
Kf1 Rd7 28. Be2 Ne4 29. Bxc4 Rc7 30. Rc2 Rxc4 0-1

[Event "Ïåðâåíñòâî Ìîñêâû"]
[Site "ÐœÐ¾Ñ�ÐºÐ²Ð°, ÐœÐ“Ð˜ÐœÐž Ð¿Ñ€."]
[Date "2018.11.25"]
[Round "9.12"]
[White "Kozhukhov, Aleksandr"]
[Black "Rodnikov, Alexei"]
[Result "1/2-1/2"]
[WhiteElo "1745"]
[BlackElo "1416"]
[PlyCount "52"]
[EventDate "2018.11.18"]

1. d4 Nf6 2. c4 g6 3. Nc3 Bg7 4. g3 O-O 5. Bg2 d6 6. Nf3 Bg4 7. O-O c6 8. e4
Nfd7 9. Be3 e5 10. h3 Bxf3 11. Bxf3 f5 12. d5 Nf6 13. Qe2 c5 14. a3 Nbd7 15.
Rfc1 h6 16. b4 Nh7 17. h4 f4 18. Bd2 g5 19. h5 Qf6 20. g4 a6 21. b5 a5 22. a4
b6 23. Kh1 Kh8 24. Kg1 Kg8 25. Kh1 Kh8 26. Kg1 Kg8 1/2-1/2

[Event "Ïåðâåíñòâî Ìîñêâû"]
[Site "ÐœÐ¾Ñ�ÐºÐ²Ð°, ÐœÐ“Ð˜ÐœÐž Ð¿Ñ€."]
[Date "2018.11.25"]
[Round "9.13"]
[White "Gavrilov, Victor"]
[Black "Morozov, Fedor"]
[Result "0-1"]
[WhiteElo "1746"]
[BlackElo "1490"]
[PlyCount "121"]
[EventDate "2018.11.18"]

1. d4 d5 2. Nc3 Nf6 3. Bg5 Nbd7 4. Nf3 e6 5. e4 dxe4 6. Nxe4 Be7 7. Bxf6 Nxf6
8. Bd3 O-O 9. c3 b6 10. Qc2 h6 11. Ne5 Bb7 12. Nxf6+ Bxf6 13. Bh7+ Kh8 14. Be4
Bxe4 15. Qxe4 Bxe5 16. dxe5 c5 17. Rd1 Qc7 18. O-O Rad8 19. f4 Rd7 20. f5 exf5
21. Qxf5 Re7 22. Rd5 Rfe8 23. c4 Kg8 24. b3 Rxe5 25. Rd7 Rxf5 26. Rxc7 Rxf1+
27. Kxf1 a5 28. Rc6 Re6 29. Rc7 g5 30. Rb7 Kg7 31. Kf2 Kg6 32. Rb8 Kf5 33. Rf8
Ke4 34. Rxf7 Kd3 35. Kg3 a4 36. Rf3+ Kc2 37. bxa4 Re4 38. a5 bxa5 39. Ra3 Rxc4
40. Rxa5 h5 41. Rb5 Kd3 42. a4 Kd4 43. Ra5 Rc3+ 44. Kf2 Ra3 45. Ra8 Kc4 46. a5
Kb5 47. Rg8 g4 48. Rg5 Rxa5 49. Rxh5 Ra4 50. g3 Rd4 51. Ke3 Kb4 52. Rf5 Rc4 53.
Rf8 Kb3 54. Rb8+ Rb4 55. Rc8 c4 56. Kd4 Ra4 57. Rc7 Rb4 58. Rg7 c3+ 59. Kd3 Kb2
60. Rg8 c2 61. Rc8 0-1

[Event "Ïåðâåíñòâî Ìîñêâû"]
[Site "ÐœÐ¾Ñ�ÐºÐ²Ð°, ÐœÐ“Ð˜ÐœÐž Ð¿Ñ€."]
[Date "2018.11.25"]
[Round "9.14"]
[White "Akopjan, Gor"]
[Black "Pavlov, Ivan"]
[Result "1-0"]
[WhiteElo "1524"]
[BlackElo "1511"]
[PlyCount "41"]
[EventDate "2018.11.18"]

1. e4 e6 2. d4 d5 3. Nd2 dxe4 4. Nxe4 Nd7 5. Nf3 Ngf6 6. Bd3 Be7 7. O-O O-O 8.
Nxf6+ Nxf6 9. Ne5 c5 10. dxc5 Qd5 11. Qe2 Qxc5 12. Bg5 Ne8 13. Bxe7 Qxe7 14.
Rfd1 Nf6 15. c4 Rd8 16. Bc2 Nd7 17. Qd3 g6 18. Ba4 Kf8 19. Nxd7+ Bxd7 20. Bxd7
Rdc8 21. Qc3 1-0

[Event "Ïåðâåíñòâî Ìîñêâû"]
[Site "ÐœÐ¾Ñ�ÐºÐ²Ð°, ÐœÐ“Ð˜ÐœÐž Ð¿Ñ€."]
[Date "2018.11.25"]
[Round "9.15"]
[White "Sauri, Georgy"]
[Black "Nikulshin, Alexey"]
[Result "1/2-1/2"]
[WhiteElo "1442"]
[BlackElo "1647"]
[PlyCount "67"]
[EventDate "2018.11.18"]

1. e4 e6 2. Nf3 d5 3. exd5 exd5 4. d4 Nf6 5. Bd3 Bd6 6. Bg5 O-O 7. O-O Bg4 8.
Nbd2 Nbd7 9. c3 h6 10. Bh4 c6 11. Qc2 Qc7 12. Bf5 Rfe8 13. Rae1 b6 14. h3 Bxf5
15. Qxf5 Bf4 16. Bxf6 Nxf6 17. Nb3 Ne4 18. Nc1 g6 19. Qg4 Nf6 20. Qh4 Kg7 21.
Ne5 Bxe5 22. dxe5 Nd7 23. Nd3 Nxe5 24. Nxe5 f6 25. Ng4 Qf4 26. g3 Qg5 27. Qxg5
hxg5 28. Ne3 Rad8 29. Kg2 Kf7 30. Kf3 f5 31. Rd1 Re7 32. Rd2 Rde8 33. Nc2 c5
34. Ne3 {çàïèñü íå ÿñíà} 1/2-1/2

[Event "Ïåðâåíñòâî Ìîñêâû"]
[Site "ÐœÐ¾Ñ�ÐºÐ²Ð°, ÐœÐ“Ð˜ÐœÐž Ð¿Ñ€."]
[Date "2018.11.25"]
[Round "9.16"]
[White "Morozov, Vladimir"]
[Black "Itkin, Alexander"]
[Result "1/2-1/2"]
[WhiteElo "1804"]
[BlackElo "1399"]
[PlyCount "74"]
[EventDate "2018.11.18"]

1. e4 e6 2. d4 d5 3. exd5 exd5 4. Bd3 Bd6 5. Ne2 Nf6 6. c3 h6 7. Qc2 O-O 8. O-O
Re8 9. Ng3 c6 10. Nf5 Bxf5 11. Bxf5 Qc7 12. h3 Nbd7 13. Be3 Re7 14. Nd2 Rae8
15. Rfe1 Bf4 16. Nf1 Bxe3 17. Rxe3 Rxe3 18. Nxe3 Nf8 19. Re1 Ne6 20. Ng4 Nxg4
21. hxg4 Qd6 22. Re5 g6 23. Qd2 Kg7 24. Bxe6 Rxe6 25. Qe3 Rxe5 26. dxe5 Qe7 27.
Qxa7 Qxe5 28. Qxb7 Qe1+ 29. Kh2 Qxf2 30. Qb8 Qf6 31. Qc7 d4 32. cxd4 Qxd4 33.
Qxc6 Qe5+ 34. Kg1 Qe1+ 35. Kh2 Qe5+ 36. Kg1 Qe1+ 37. Kh2 Qe5+ 1/2-1/2

[Event "Ïåðâåíñòâî Ìîñêâû"]
[Site "ÐœÐ¾Ñ�ÐºÐ²Ð°, ÐœÐ“Ð˜ÐœÐž Ð¿Ñ€."]
[Date "2018.11.25"]
[Round "9.17"]
[White "Agashin, Aleksandr"]
[Black "Golitsyn, Georgiy"]
[Result "1-0"]
[WhiteElo "1567"]
[BlackElo "1283"]
[PlyCount "73"]
[EventDate "2018.11.18"]

1. d4 d5 2. c4 c6 3. Nc3 Nf6 4. Bg5 e6 5. e3 Be7 6. Nf3 h6 7. Bh4 Nbd7 8. cxd5
exd5 9. Bd3 Nb6 10. O-O Bg4 11. h3 Bh5 12. g4 Nxg4 13. Bxe7 Qxe7 14. hxg4 Bxg4
15. Be2 Bh3 16. Re1 Qf6 17. Kh2 Bd7 18. Rg1 g5 19. Kg2 g4 20. Ne5 g3 21. f4
O-O-O 22. Rh1 Rh7 23. Nxd7 Nxd7 24. Bg4 Qe7 25. Qf3 Rg8 26. Rh3 Kc7 27. Bxd7
Qxd7 28. Rxg3 Rhg7 29. Rxg7 Rxg7+ 30. Kf2 Qe7 31. Rg1 Qh4+ 32. Kf1 Rxg1+ 33.
Kxg1 Qe1+ 34. Kg2 h5 35. Qxh5 Qxe3 36. Qe5+ Qxe5 37. fxe5 1-0

[Event "Ïåðâåíñòâî Ìîñêâû"]
[Site "ÐœÐ¾Ñ�ÐºÐ²Ð°, ÐœÐ“Ð˜ÐœÐž Ð¿Ñ€."]
[Date "2018.11.25"]
[Round "9.18"]
[White "Metelkin, Zakhar"]
[Black "Sharapov, Mihail"]
[Result "0-1"]
[WhiteElo "1436"]
[BlackElo "1628"]
[PlyCount "66"]
[EventDate "2018.11.18"]

1. c4 c6 2. e4 d5 3. exd5 cxd5 4. d4 Nf6 5. Nc3 Nc6 6. Bg5 dxc4 7. Bxf6 exf6 8.
Bxc4 Qxd4 9. Qe2+ Qe5 10. O-O-O Qxe2 11. Ngxe2 Bc5 12. Ne4 Be7 13. Nd6+ Bxd6
14. Rxd6 Ne5 15. Bb5+ Bd7 16. Bxd7+ Nxd7 17. Nc3 O-O-O 18. Rhd1 Ne5 19. h3 Rxd6
20. Rxd6 Rd8 21. Rxd8+ Kxd8 22. Kc2 Kd7 23. Nb5 a6 24. Nd4 g6 25. b3 Kd6 26.
Kc3 h5 27. a3 Nc6 28. Nf3 Ne7 29. Nd4 Nd5+ 30. Kc4 Nf4 31. Kb4 b6 32. a4 Nd3+
33. Kc4 Nxf2 0-1